书目信息 |
| 题名: |
高温/低温电阻应变片及其应用
|
|
| 作者: | 尹福炎 , 王文瑞 , 闫晓强 编著 | |
| 分册: | ||
| 出版信息: | 北京 国防工业出版社 2014 |
|
| 页数: | 297页 | |
| 开本: | 23cm | |
| 丛书名: | 应变片与传感器技术丛书 | |
| 单 册: | ||
| 中图分类: | O441.1 | |
| 科图分类: | ||
| 主题词: | 热电阻 | |
| 电子资源: | ||
| ISBN: | 978-7-118-09524-1 | |
| 000 | 01196nam0 2200277 450 | |
| 001 | 1761 | |
| 005 | 20161130163350.90 | |
| 010 | @a978-7-118-09524-1@dCNY69.00 | |
| 100 | @a20150108d2014 em y0chiy50 ea | |
| 101 | 0 | @achi |
| 102 | @aCN@b110000 | |
| 105 | @aa z 000yy | |
| 200 | 1 | @a高温/低温电阻应变片及其应用@9gao wen/di wen dian zu ying bian pian ji qi ying yong@f尹福炎,王文瑞,闫晓强编著 |
| 210 | @a北京@c国防工业出版社@d2014 | |
| 215 | @a297页@c图@d23cm | |
| 225 | 1 | @a应变片与传感器技术丛书 |
| 312 | @a封面英文题名:High/low temperature resistance strain gauge research and application | |
| 330 | @a本书系统地介绍了高温/低温电阻应变片的工作原理、构成材料的性能、各种高温/低温电阻应变片制作方法及性能检定方法,并着重介绍了各种高温/低温电阻应变片的应用技术,最后,还系统介绍了作者在高温应变测量影响因素仿真研究和实验研究的工作。 | |
| 510 | 1 | @aHigh/low temperature resistance strain gauge research and application@zeng |
| 606 | 0 | @a热电阻 |
| 690 | @aO441.1@v5 | |
| 701 | 0 | @a尹福炎@9yin fu yan@4编著 |
| 701 | 0 | @a王文瑞@9wang wen rui@4编著 |
| 701 | 0 | @a闫晓强@9yan xiao qiang@4编著 |
| 801 | 0 | @aCN@b大连网信软件有限公司图书馆·11@c20161130 |
| 905 | @aZUCC@dO441.1@e142 | |
| 高温/低温电阻应变片及其应用/尹福炎,王文瑞,闫晓强编著.-北京:国防工业出版社,2014 |
| 297页:图;23cm.-(应变片与传感器技术丛书) |
| ISBN 978-7-118-09524-1:CNY69.00 |
| 本书系统地介绍了高温/低温电阻应变片的工作原理、构成材料的性能、各种高温/低温电阻应变片制作方法及性能检定方法,并着重介绍了各种高温/低温电阻应变片的应用技术,最后,还系统介绍了作者在高温应变测量影响因素仿真研究和实验研究的工作。 |
| ● |
| 相关链接 |
|
|
|
|
正题名:高温/低温电阻应变片及其应用
索取号:O441.1/142
 
预约/预借
| 序号 | 登录号 | 条形码 | 馆藏地/架位号 | 状态 | 备注 |
| 1 | 909836 | 209098368 | 第二样本阅览室/ [索取号:O441.1/142] | 在馆 | |
| 2 | 909837 | 209098377 | 密集书库-物理学院/ [索取号:O441.1/142] | 在馆 | |
| 3 | 909838 | 209098386 | 第三借阅区/ [索取号:O441.1/142] | 在馆 | |
| 4 | 909839 | 209098395 | 第三借阅区/ [索取号:O441.1/142] | 在馆 | |
| 5 | 909840 | 209098402 | 第三借阅区/ [索取号:O441.1/142] | 在馆 |